Meet president Barack Obama / (Record no. 8866)

MARC details
000 -LEADER
fixed length control field 00944nam a22002777a 4500
001 - CONTROL NUMBER
control field 8866
003 - CONTROL NUMBER IDENTIFIER
control field FISKH
005 - DATE AND TIME OF LATEST TRANSACTION
control field 20260311090122.0
008 - FIXED-LENGTH DATA ELEMENTS--GENERAL INFORMATION
fixed length control field 251024b cb ||||| |||| 00| 0 eng d
020 ## - INTERNATIONAL STANDARD BOOK NUMBER
International Standard Book Number 9780531235249
040 ## - CATALOGING SOURCE
Original cataloging agency FISKH
Language of cataloging eng
Transcribing agency FISKH
Modifying agency FISKH
050 ## - LIBRARY OF CONGRESS CALL NUMBER
Classification number E901.O23 F34
082 ## - DEWEY DECIMAL CLASSIFICATION NUMBER
Classification number 328.73092
100 ## - MAIN ENTRY--PERSONAL NAME
Personal name Falk, Laine
Relator term Author
245 ## - TITLE STATEMENT
Title Meet president Barack Obama /
Statement of responsibility, etc. By Laine Falk
260 ## - PUBLICATION, DISTRIBUTION, ETC.
Place of publication, distribution, etc. New York :
Name of publisher, distributor, etc. Scholastic ,
Date of publication, distribution, etc. 2009
300 ## - PHYSICAL DESCRIPTION
Extent 24 pages :
Other physical details color illustrations ;
Dimensions 21 cm
490 ## - SERIES STATEMENT
Series statement Scholastic news nonfiction readers :
Volume/sequential designation Let's visit the White House
505 ## - FORMATTED CONTENTS NOTE
Formatted contents note H<br/>
520 ## - SUMMARY, ETC.
Summary, etc. This biography explores America's 44th President, his life and political views, through photos and simple text written for children in first and second grades.
521 8# - TARGET AUDIENCE NOTE
Target audience note 510<br/>
Source Lexile<br/>
521 8# - TARGET AUDIENCE NOTE
Target audience note H<br/>
Source Raz-Plus<br/>
650 ## - SUBJECT ADDED ENTRY--TOPICAL TERM
Topical term or geographic name entry element American presidents
Form subdivision Barack Obama
942 ## - ADDED ENTRY ELEMENTS (KOHA)
Source of classification or shelving scheme Dewey Decimal Classification
Koha item type Books
Suppress in OPAC No
Holdings
Withdrawn status Lost status Source of classification or shelving scheme Damaged status Not for loan Home library Current library Shelving location Date acquired Total Checkouts Full call number Barcode Date last seen Copy number Price effective from Koha item type
    Dewey Decimal Classification     Footprints International School Library Network Toul Tom Poung Campus Footprints International School Library Network Toul Tom Poung Campus TTP Primary Yellow Bookshelves 10/24/2025   FAL 328.73092 E901.O23 F34 FISBK05947 10/24/2025 1 10/24/2025 Books
    Dewey Decimal Classification     Footprints International School Library Network Toul Tom Poung Campus Footprints International School Library Network Toul Tom Poung Campus TTP Primary Yellow Bookshelves 03/11/2026   FAL 328.73092 E901.O23 F34 FISBK05926 03/11/2026 2 03/11/2026 Books